[Event "22nd Hoogeveen Open 2018"]
[Site "Hoogeveen"]
[Date "2018.10.26"]
[Round "8"]
[White "Biermann, Lenhard"]
[Black "Van der Hagen, Loek"]
[Result "1-0"]
[WhiteElo "2153"]
[BlackElo "1820"]
[Annotator "NA"]
[PlyCount "113"]
[EventDate "2018.10.20"]
[EventType "swiss"]
[EventCountry "NED"]
[SourceTitle "playchess.com"]
[Source "ChessBase"]
[SourceQuality "1"]
[TimeControl "40/5400+30:1800+30"]

1. c4 {[%emt 0:00:00]} Nf6 {[%emt 0:00:00]} 2. g3 {[%emt 0:00:00]} g6 {[%emt 0:00:00]} 3. Bg2 {[%emt 0:00:00]} Bg7 {[%emt 0:00:00]} 4. Nc3 {[%emt 0:00:03]} O-O {[%emt 0:00:00]} 5. d3 {[%emt 0:00:03]} d6 {[%emt 0:01:02]} 6. e4 {[%emt 0:00:35] LiveBook: 146 Games} Nc6 {[%emt 0:01:29]} 7. Nge2 {[%emt 0:00:46]} e5 {[%emt 0:02:44]} 8. O-O {[%emt 0:00:49]} Nd7 {[%emt 0:08:51]} 9. Nd5 {[%emt 0:06:58]} Ne7 $14 {[%emt 0:03:11]} 10. Bg5 {[%emt 0:03:18]} f6 {[%emt 0:01:15]} 11. Be3 {[%emt 0:00:10]} Nxd5 {[%emt 0:04:17]} 12. cxd5 {[%emt 0:00:33]} Nb6 {[%emt 0:05:17]} 13. Rc1 {[%emt 0:15:22]} Bd7 {[%emt 0:02:29]} 14. d4 {[%emt 0:14:05]} Kh8 {[%emt 0:09:18]} 15. Qd2 {[%emt 0:06:22]} a5 {[%emt 0:05:23]} 16. f4 {[%emt 0:05:07]} Bb5 {[%emt 0:08:35]} 17. Rf2 {[%emt 0:10:11]} Qd7 {[%emt 0:13:11]} 18. Nc3 {[%emt 0:09:11]} Nc4 {[%emt 0:06:09]} 19. Qe2 {[%emt 0:02:06]} Ba6 {[%emt 0:00:50]} 20. Qe1 {[%emt 0:00:46]} Rae8 {[%emt 0:06:24]} 21. f5 {[%emt 0:06:02]} gxf5 {[%emt 0:07:31]} 22. Bh3 {[%emt 0:00:14]} exd4 {[%emt 0:02:47]} 23. Bxd4 {[%emt 0:00:09]} Ne5 {[%emt 0:00:36]} 24. Bxf5 {[%emt 0:01:33]} Qe7 {[%emt 0:00:25]} 25. Bxe5 {[%emt 0:00:28]} fxe5 {[%emt 0:00:15]} 26. Qe3 {[%emt 0:03:08]} Rf6 {[%emt 0:01:46]} 27. Rcc2 {[%emt 0:00:25]} Bh6 {[%emt 0:00:48]} 28. Qf3 {[%emt 0:00:12]} Ref8 {[%emt 0:00:47]} 29. Nd1 {[%emt 0:03:19]} Qg7 {[%emt 0:01:52]} 30. h4 {[%emt 0:03:15]} Bf4 {[%emt 0:02:07]} 31. Rg2 {[%emt 0:01:06]} Bh6 {[%emt 0:01:20]} 32. g4 {[%emt 0:01:22]} Bf4 {[%emt 0:00:13]} 33. Nf2 {[%emt 0:00:43]} Rh6 {[%emt 0:02:31]} 34. h5 {[%emt 0:03:50]} Bg5 {[%emt 0:00:49]} 35. Nh3 {[%emt 0:00:22]} Rf7 {[%emt 0:01:06]} 36. Qc3 {[%emt 0:01:56]} Rhf6 {[%emt 0:00:38]} 37. b3 {[%emt 0:02:11]} Re7 {[%emt 0:00:44]} 38. a3 {[%emt 0:00:57]} Rf8 {[%emt 0:00:47]} 39. Rcf2 {[%emt 0:00:54]} Ref7 {[%emt 0:00:48]} 40. Rf3 {[%emt 0:00:33]} Rf6 {[%emt 0:00:30]} 41. Qxa5 {[%emt 0:04:23]} R6f7 {[%emt 0:05:58]} 42. Qc3 {[%emt 0:07:11]} Qh6 {[%emt 0:04:59]} 43. Nxg5 {[%emt 0:08:56]} Qxg5 {[%emt 0:00:19]} 44. Qe3 {[%emt 0:00:13]} Qxe3+ {[%emt 0:06:25]} 45. Rxe3 {[%emt 0:00:04]} c6 {[%emt 0:00:41]} 46. dxc6 {[%emt 0:01:34]} bxc6 {[%emt 0:00:05]} 47. Rc3 {[%emt 0:00:36]} Bb7 {[%emt 0:00:25]} 48. g5 {[%emt 0:01:04]} Rg7 {[%emt 0:01:43]} 49. g6 {[%emt 0:01:04]} c5 {[%emt 0:02:09]} 50. h6 {[%emt 0:02:41]} Rxg6 {[%emt 0:01:21]} 51. Bxg6 {[%emt 0:00:03]} hxg6 {[%emt 0:00:08]} 52. Rxg6 {[%emt 0:00:17]} Bxe4 {[%emt 0:00:17]} 53. Rxd6 {[%emt 0:01:09]} Rg8+ {[%emt 0:00:18]} 54. Kf1 {[%emt 0:00:38]} Kh7 {[%emt 0:00:40]} 55. Rxc5 {[%emt 0:01:06]} Bg6 {[%emt 0:00:13]} 56. Rxe5 {[%emt 0:00:26]} Kxh6 {[%emt 0:00:03]} 57. Ree6 {[%emt 0:00:26]} 1-0

[Event "22nd Hoogeveen Open 2018"]
[Site "Hoogeveen"]
[Date "2018.10.26"]
[Round "8"]
[White "Vroombout, Enrico"]
[Black "Bluhm, Sonja Maria"]
[Result "0-1"]
[WhiteElo "2132"]
[BlackElo "2281"]
[Annotator "NA"]
[PlyCount "38"]
[EventDate "2018.10.20"]
[EventType "swiss"]
[EventCountry "NED"]
[SourceTitle "playchess.com"]
[Source "ChessBase"]
[SourceQuality "1"]
[TimeControl "40/5400+30:1800+30"]

1. d4 {[%emt 0:00:00]} d5 {[%emt 0:00:00]} 2. c4 {[%emt 0:00:00]} c6 {[%emt 0:00:00]} 3. Nc3 {[%emt 0:00:05]} Nf6 {[%emt 0:00:00]} 4. Nf3 {[%emt 0:00:09]} a6 {[%emt 0:00:08]} 5. e3 {[%emt 0:00:18]} Bf5 {[%emt 0:03:23]} 6. Be2 {[%emt 0:01:12]} e6 {[%emt 0:01:51]} 7. O-O {[%emt 0:05:47]} Nbd7 {[%emt 0:04:48]} 8. Nh4 {[%emt 0:08:10]} Bg6 $14 {[%emt 0:00:16] LiveBook: 5 Games} 9. Bd2 {[%emt 0:14:50]} Bd6 {[%emt 0:02:10]} 10. c5 {[%emt 0:10:54]} Bc7 {[%emt 0:01:17]} 11. f4 {[%emt 0:11:38]} Ne4 {[%emt 0:08:18]} 12. Nxg6 {[%emt 0:05:16]} hxg6 {[%emt 0:04:02]} 13. Be1 {[%emt 0:02:56]} Ndf6 {[%emt 0:03:47]} 14. Na4 {[%emt 0:11:58]} Ng8 {[%emt 0:04:23]} 15. b4 {[%emt 0:00:37]} Ne7 {[%emt 0:01:18]} 16. Nb2 {[%emt 0:01:44]} Nf5 {[%emt 0:01:00]} 17. Qc1 {[%emt 0:02:03]} g5 {[%emt 0:02:16]} 18. g4 {[%emt 0:08:33]} gxf4 {[%emt 0:06:07]} 19. gxf5 {[%emt 0:00:10]} Qg5+ {[%emt 0:00:24]} 0-1

[Event "22nd Hoogeveen Open 2018"]
[Site "Hoogeveen"]
[Date "2018.10.26"]
[Round "8"]
[White "Van Dorp, Folke"]
[Black "Elgersma, Simon"]
[Result "0-1"]
[WhiteElo "2097"]
[BlackElo "2237"]
[Annotator "NA"]
[PlyCount "62"]
[EventDate "2018.10.20"]
[EventType "swiss"]
[EventCountry "NED"]
[SourceTitle "playchess.com"]
[Source "ChessBase"]
[SourceQuality "1"]
[TimeControl "40/5400+30:1800+30"]

1. e4 {[%emt 0:00:00]} e6 {[%emt 0:00:00]} 2. d4 {[%emt 0:00:00]} d5 {[%emt 0:00:00]} 3. Nc3 {[%emt 0:00:00]} Bb4 {[%emt 0:00:02]} 4. e5 {[%emt 0:00:00]} c5 {[%emt 0:00:07]} 5. a3 {[%emt 0:00:00]} Bxc3+ {[%emt 0:00:07]} 6. bxc3 {[%emt 0:00:00]} Qc7 {[%emt 0:00:09]} 7. h4 {[%emt 0:00:28]} cxd4 {[%emt 0:05:37]} 8. cxd4 {[%emt 0:00:56]} Qc3+ {[%emt 0:00:30]} 9. Bd2 {[%emt 0:00:00]} Qxd4 {[%emt 0:00:07]} 10. Nf3 {[%emt 0:00:00]} Qe4+ {[%emt 0:04:56] LiveBook: 5 Games} 11. Be2 $15 {[%emt 0:00:00]} Ne7 {[%emt 0:20:23]} 12. h5 {[%emt 0:06:23]} Nf5 {[%emt 0:02:03]} 13. Kf1 {[%emt 0:02:05]} b6 {[%emt 0:08:41]} 14. Bb5+ {[%emt 0:14:10]} Nd7 {[%emt 0:03:19]} 15. Bd3 {[%emt 0:08:28]} Qg4 {[%emt 0:01:53]} 16. Rb1 {[%emt 0:00:51]} Bb7 {[%emt 0:06:12]} 17. Rb4 {[%emt 0:05:18]} d4 {[%emt 0:03:10]} 18. Be2 {[%emt 0:08:41]} Nxe5 {[%emt 0:05:34]} 19. Rh2 {[%emt 0:09:57]} Qe4 {[%emt 0:03:32]} 20. Ng5 {[%emt 0:07:59]} Qd5 {[%emt 0:01:58]} 21. Rb5 {[%emt 0:00:44]} Qd6 {[%emt 0:03:11]} 22. Bf4 {[%emt 0:03:29]} f6 {[%emt 0:03:23]} 23. Nf3 {[%emt 0:01:43]} Bd5 {[%emt 0:01:06]} 24. g4 {[%emt 0:01:48]} Nh6 {[%emt 0:09:00]} 25. Nxd4 {[%emt 0:00:49]} Rd8 {[%emt 0:01:49]} 26. Rh3 {[%emt 0:05:52]} Nhxg4 {[%emt 0:05:50]} 27. c3 {[%emt 0:07:58]} Nh6 {[%emt 0:03:17]} 28. Qc1 {[%emt 0:08:22]} Nhf7 {[%emt 0:00:57]} 29. Rg3 {[%emt 0:00:52]} g5 {[%emt 0:00:12]} 30. hxg6 {[%emt 0:00:12]} hxg6 {[%emt 0:00:03]} 31. Rxg6 {[%emt 0:00:55]} Nxg6 {[%emt 0:00:12]} 0-1

[Event "22nd Hoogeveen Open 2018"]
[Site "Hoogeveen"]
[Date "2018.10.26"]
[Round "8"]
[White "Jelic, Bruno"]
[Black "Elgersma, Onno"]
[Result "0-1"]
[WhiteElo "2076"]
[BlackElo "2223"]
[Annotator "NA"]
[PlyCount "64"]
[EventDate "2018.10.20"]
[EventType "swiss"]
[EventCountry "NED"]
[SourceTitle "playchess.com"]
[Source "ChessBase"]
[SourceQuality "1"]
[TimeControl "40/5400+30:1800+30"]

1. d4 {[%emt 0:00:00]} Nf6 {[%emt 0:00:00]} 2. c4 {[%emt 0:00:00]} e6 {[%emt 0:00:00]} 3. Nf3 {[%emt 0:00:18]} d5 {[%emt 0:00:00]} 4. cxd5 {[%emt 0:01:36]} exd5 {[%emt 0:00:43]} 5. Bg5 {[%emt 0:00:36]} c6 {[%emt 0:03:06]} 6. Nc3 {[%emt 0:01:40]} Be7 {[%emt 0:09:16]} 7. Qc2 {[%emt 0:01:33]} O-O {[%emt 0:01:32]} 8. e3 {[%emt 0:00:12]} Nbd7 {[%emt 0:02:33]} 9. Bd3 {[%emt 0:00:08]} Re8 {[%emt 0:01:18]} 10. O-O {[%emt 0:00:15]} h6 {[%emt 0:01:15] LiveBook: 139 Games} 11. Bh4 {[%emt 0:00:03]} Ne4 {[%emt 0:07:13]} 12. Bxe7 {[%emt 0:00:52]} Qxe7 {[%emt 0:00:50]} 13. Rab1 {[%emt 0:05:01]} a5 {[%emt 0:01:55]} 14. Bxe4 {[%emt 0:09:18]} dxe4 {[%emt 0:00:04]} 15. Nd2 {[%emt 0:00:45]} Nf6 $11 {[%emt 0:06:14]} 16. Nc4 {[%emt 0:05:45]} Bf5 {[%emt 0:02:54]} 17. f4 {[%emt 0:02:33]} b5 {[%emt 0:05:59]} 18. Ne5 {[%emt 0:04:34]} Rac8 {[%emt 0:01:32]} 19. Qe2 {[%emt 0:03:31]} h5 {[%emt 0:03:01]} 20. h3 {[%emt 0:07:10]} h4 {[%emt 0:02:16]} 21. Rbc1 {[%emt 0:10:30]} Kh7 {[%emt 0:14:39]} 22. Rc2 {[%emt 0:02:41]} Rg8 {[%emt 0:02:22]} 23. Nb1 {[%emt 0:09:41]} g5 {[%emt 0:15:11]} 24. fxg5 {[%emt 0:11:13]} Rxg5 {[%emt 0:00:08]} 25. Nxc6 {[%emt 0:12:38]} Qe6 {[%emt 0:01:50]} 26. Qxb5 {[%emt 0:03:11]} Nd5 {[%emt 0:02:15]} 27. Re1 {[%emt 0:04:10]} Bxh3 {[%emt 0:02:10]} 28. Qf1 {[%emt 0:00:47]} Rxc6 {[%emt 0:01:11]} 29. Rxc6 {[%emt 0:00:30]} Qxc6 {[%emt 0:00:03]} 30. Qxf7+ {[%emt 0:00:24]} Rg7 {[%emt 0:02:10]} 31. Qh5+ {[%emt 0:03:55]} Kg8 {[%emt 0:01:18]} 32. Re2 {[%emt 0:00:00]} Bg4 {[%emt 0:00:46]} 0-1

[Event "22nd Hoogeveen Open 2018"]
[Site "Hoogeveen"]
[Date "2018.10.26"]
[Round "8"]
[White "Verhoef, Pieter"]
[Black "Clemens, Adrian"]
[Result "0-1"]
[WhiteElo "2058"]
[BlackElo "2153"]
[Annotator "NA"]
[PlyCount "66"]
[EventDate "2018.10.20"]
[EventType "swiss"]
[EventCountry "NED"]
[SourceTitle "playchess.com"]
[Source "ChessBase"]
[SourceQuality "1"]
[TimeControl "40/5400+30:1800+30"]

1. e4 {[%emt 0:00:17]} c5 {[%emt 0:00:00]} 2. Nf3 {[%emt 0:00:07]} d6 {[%emt 0:00:20]} 3. Bb5+ {[%emt 0:00:07]} Bd7 {[%emt 0:00:05]} 4. Bxd7+ {[%emt 0:00:07]} Nxd7 {[%emt 0:00:06]} 5. O-O {[%emt 0:00:11]} Ngf6 {[%emt 0:00:08]} 6. Qe2 {[%emt 0:00:07]} Rc8 {[%emt 0:02:45]} 7. c3 {[%emt 0:00:26] LiveBook: 27 Games} e6 {[%emt 0:00:58]} 8. d4 {[%emt 0:00:23]} Be7 {[%emt 0:01:51]} 9. Bf4 {[%emt 0:07:51]} O-O {[%emt 0:03:49]} 10. dxc5 {[%emt 0:03:19]} Nxc5 {[%emt 0:02:41]} 11. Nbd2 $11 {[%emt 0:00:30]} d5 {[%emt 0:03:31]} 12. exd5 {[%emt 0:01:00]} Nxd5 {[%emt 0:15:31]} 13. Bg3 {[%emt 0:00:31]} Qb6 {[%emt 0:00:20]} 14. Nc4 {[%emt 0:07:14]} Qa6 {[%emt 0:01:45]} 15. Rfe1 {[%emt 0:00:07]} Na4 {[%emt 0:05:38]} 16. Nce5 {[%emt 0:03:37]} Qxe2 {[%emt 0:01:43]} 17. Rxe2 {[%emt 0:00:08]} f6 {[%emt 0:07:41]} 18. Nd3 {[%emt 0:07:02]} e5 {[%emt 0:02:27]} 19. c4 {[%emt 0:07:55]} Rxc4 {[%emt 0:07:55]} 20. b3 {[%emt 0:00:07]} Nac3 {[%emt 0:00:07]} 21. Rxe5 {[%emt 0:00:48]} Rcc8 {[%emt 0:05:54]} 22. Ree1 {[%emt 0:01:12]} Ba3 {[%emt 0:03:23]} 23. Nd2 {[%emt 0:05:47]} b5 {[%emt 0:02:14]} 24. Re6 {[%emt 0:01:24]} Nb6 {[%emt 0:13:55]} 25. Ne4 {[%emt 0:04:35]} Ne2+ {[%emt 0:01:31]} 26. Kf1 {[%emt 0:02:20]} Nd4 {[%emt 0:00:06]} 27. Bd6 {[%emt 0:21:00]} Nxe6 {[%emt 0:02:11]} 28. Bxa3 {[%emt 0:00:08]} Rfd8 {[%emt 0:00:28]} 29. Nd6 {[%emt 0:01:14]} Rc6 {[%emt 0:04:10]} 30. Nf5 {[%emt 0:00:07]} Nd5 {[%emt 0:01:13]} 31. Re1 {[%emt 0:11:12]} g6 {[%emt 0:01:30]} 32. Nb4 {[%emt 0:00:22]} Nxb4 {[%emt 0:00:39]} 33. Ne7+ {[%emt 0:00:08]} Kf7 {[%emt 0:00:13]} 0-1

[Event "22nd Hoogeveen Open 2018"]
[Site "Hoogeveen"]
[Date "2018.10.26"]
[Round "8"]
[White "Boersma, Jan"]
[Black "Schippers, Maurice"]
[Result "0-1"]
[WhiteElo "2047"]
[BlackElo "2272"]
[Annotator "NA"]
[PlyCount "72"]
[EventDate "2018.10.20"]
[EventType "swiss"]
[EventCountry "NED"]
[SourceTitle "playchess.com"]
[Source "ChessBase"]
[SourceQuality "1"]
[TimeControl "40/5400+30:1800+30"]

1. e4 {[%emt 0:00:00]} g6 {[%emt 0:00:00]} 2. Nc3 {[%emt 0:00:00]} c6 {[%emt 0:00:05]} 3. d4 {[%emt 0:01:35]} d5 {[%emt 0:00:40]} 4. Nf3 {[%emt 0:00:09]} Bg7 {[%emt 0:00:29]} 5. h3 {[%emt 0:00:07]} dxe4 {[%emt 0:02:45]} 6. Nxe4 {[%emt 0:01:52]} Nd7 {[%emt 0:00:23]} 7. Bd3 {[%emt 0:05:10]} Ngf6 $14 {[%emt 0:00:49] LiveBook: 188 Games} 8. Neg5 {[%emt 0:17:00]} h6 {[%emt 0:15:44]} 9. Ne4 {[%emt 0:04:16]} Nxe4 {[%emt 0:01:24]} 10. Bxe4 {[%emt 0:00:05]} c5 {[%emt 0:03:20]} 11. c3 {[%emt 0:06:00]} cxd4 {[%emt 0:01:29]} 12. cxd4 {[%emt 0:00:33]} Nf6 {[%emt 0:00:23]} 13. Bd3 {[%emt 0:00:38]} O-O {[%emt 0:05:43]} 14. O-O {[%emt 0:00:10]} b6 {[%emt 0:00:43]} 15. Qe2 {[%emt 0:06:17]} Bb7 {[%emt 0:06:11]} 16. Be3 {[%emt 0:00:35]} Rc8 {[%emt 0:02:31]} 17. Ba6 {[%emt 0:01:21]} Qd5 {[%emt 0:03:00]} 18. Rac1 {[%emt 0:03:00]} e6 {[%emt 0:01:50]} 19. Bxb7 {[%emt 0:04:10]} Qxb7 {[%emt 0:00:06]} 20. Ne5 {[%emt 0:00:13]} Rxc1 {[%emt 0:04:25]} 21. Rxc1 {[%emt 0:00:09]} Rc8 {[%emt 0:00:13]} 22. Rxc8+ {[%emt 0:00:35]} Qxc8 {[%emt 0:00:03]} 23. b4 {[%emt 0:00:46]} Nd5 {[%emt 0:14:01]} 24. b5 {[%emt 0:01:27]} Qc3 {[%emt 0:03:31]} 25. Nc6 {[%emt 0:01:32]} a6 {[%emt 0:03:22]} 26. a4 {[%emt 0:02:07]} Qa1+ {[%emt 0:01:05]} 27. Kh2 {[%emt 0:01:21]} Qxa4 {[%emt 0:00:18]} 28. Na7 {[%emt 0:01:51]} Nc3 {[%emt 0:03:08]} 29. Qf3 {[%emt 0:00:46]} Nd5 {[%emt 0:05:12]} 30. Qe2 {[%emt 0:00:55]} axb5 {[%emt 0:02:04]} 31. Nxb5 {[%emt 0:00:08]} Qb4 {[%emt 0:00:22]} 32. Bd2 {[%emt 0:01:35]} Qb2 {[%emt 0:02:18]} 33. Qd3 {[%emt 0:00:43]} Ne7 {[%emt 0:01:21]} 34. Be3 {[%emt 0:02:27]} Nf5 {[%emt 0:01:40]} 35. Qc4 {[%emt 0:04:26]} Kh7 {[%emt 0:01:19]} 36. Nc7 {[%emt 0:04:47]} Bxd4 {[%emt 0:02:25]} 0-1

[Event "22nd Hoogeveen Open 2018"]
[Site "Hoogeveen"]
[Date "2018.10.26"]
[Round "8"]
[White "Van de Pavoordt, Max"]
[Black "Pham, Khoi"]
[Result "1/2-1/2"]
[WhiteElo "2034"]
[BlackElo "2153"]
[Annotator "NA"]
[PlyCount "127"]
[EventDate "2018.10.20"]
[EventType "swiss"]
[EventCountry "NED"]
[SourceTitle "playchess.com"]
[Source "ChessBase"]
[SourceQuality "1"]
[TimeControl "40/5400+30:1800+30"]

1. Nf3 {[%emt 0:00:00]} d6 {[%emt 0:00:00]} 2. c3 {[%emt 0:00:59]} Nf6 {[%emt 0:00:00]} 3. d4 {[%emt 0:00:07]} g6 {[%emt 0:00:00]} 4. Bf4 {[%emt 0:00:41]} Bg7 {[%emt 0:00:00]} 5. Nbd2 {[%emt 0:00:19]} O-O {[%emt 0:00:19]} 6. e4 {[%emt 0:01:09]} Nfd7 {[%emt 0:00:25]} 7. Bc4 {[%emt 0:02:59]} e5 {[%emt 0:00:47]} 8. dxe5 {[%emt 0:02:13]} dxe5 {[%emt 0:00:09]} 9. Be3 {[%emt 0:00:33]} h6 {[%emt 0:12:28]} 10. h4 {[%emt 0:02:59]} Qe7 {[%emt 0:03:18]} 11. h5 {[%emt 0:06:57]} g5 {[%emt 0:02:11]} 12. Nxg5 {[%emt 0:06:02]} hxg5 {[%emt 0:04:12]} 13. h6 {[%emt 0:00:07]} Bf6 {[%emt 0:00:07]} 14. Qh5 $17 {[%emt 0:00:45]} Kh8 {[%emt 0:05:53]} 15. Nf3 {[%emt 0:03:36]} Nb6 {[%emt 0:02:18]} 16. Bb3 {[%emt 0:00:30]} Be6 {[%emt 0:01:20]} 17. Bxg5 {[%emt 0:01:56]} Bxg5 {[%emt 0:04:33]} 18. Bxe6 {[%emt 0:01:59]} Qxe6 {[%emt 0:04:50]} 19. Qxg5 {[%emt 0:00:35]} Rg8 {[%emt 0:01:30]} 20. Qxe5+ {[%emt 0:01:53]} Qxe5 {[%emt 0:02:07]} 21. Nxe5 {[%emt 0:00:08]} f6 {[%emt 0:00:25]} 22. h7 {[%emt 0:03:18]} Rg7 {[%emt 0:01:28]} 23. Rd1 {[%emt 0:00:48]} Na6 {[%emt 0:00:52]} 24. Nd3 {[%emt 0:00:32]} Re8 {[%emt 0:01:46]} 25. f3 {[%emt 0:00:44]} Rxg2 {[%emt 0:02:06]} 26. Nf4 {[%emt 0:00:26]} Rg7 {[%emt 0:00:27]} 27. Rh6 {[%emt 0:00:50]} Rxh7 {[%emt 0:07:22]} 28. Rxf6 {[%emt 0:00:07]} Rh1+ {[%emt 0:03:41]} 29. Ke2 {[%emt 0:00:39]} Rh2+ {[%emt 0:00:17]} 30. Ke1 {[%emt 0:03:48]} Rg8 {[%emt 0:02:40]} 31. Rg6 {[%emt 0:00:48]} Rxg6 {[%emt 0:01:15]} 32. Nxg6+ {[%emt 0:00:04]} Kg7 {[%emt 0:00:31]} 33. Ne5 {[%emt 0:00:17]} Rxb2 {[%emt 0:00:22]} 34. Rd2 {[%emt 0:00:56]} Rxd2 {[%emt 0:00:35]} 35. Kxd2 {[%emt 0:00:02]} Kf6 {[%emt 0:01:26]} 36. f4 {[%emt 0:00:50]} Nc5 {[%emt 0:00:55]} 37. Ke3 {[%emt 0:00:11]} Ncd7 {[%emt 0:03:02]} 38. Ng4+ {[%emt 0:01:17]} Ke6 {[%emt 0:00:14]} 39. f5+ {[%emt 0:01:01]} Kd6 {[%emt 0:00:30]} 40. Kf4 {[%emt 0:00:06]} Nc4 {[%emt 0:00:07]} 41. Kg5 {[%emt 0:32:11]} Nce5 {[%emt 0:30:56]} 42. Ne3 {[%emt 0:00:37]} Nc5 {[%emt 0:04:21]} 43. Kf4 {[%emt 0:00:38]} b5 {[%emt 0:00:41]} 44. Nd5 {[%emt 0:01:20]} c6 {[%emt 0:01:00]} 45. Nf6 {[%emt 0:00:13]} Ncd3+ {[%emt 0:02:52]} 46. Ke3 {[%emt 0:01:22]} Ke7 {[%emt 0:03:59]} 47. Nh5 {[%emt 0:00:08]} c5 {[%emt 0:01:16]} 48. Ng7 {[%emt 0:01:18]} a5 {[%emt 0:10:29]} 49. a3 {[%emt 0:00:18]} b4 {[%emt 0:07:59]} 50. cxb4 {[%emt 0:00:14]} cxb4 {[%emt 0:00:06]} 51. axb4 {[%emt 0:00:32]} axb4 {[%emt 0:00:08]} 52. f6+ {[%emt 0:03:00]} Kf7 {[%emt 0:00:00]} 53. Nf5 {[%emt 0:00:00]} b3 {[%emt 0:00:00]} 54. Nd6+ {[%emt 0:00:00]} Kxf6 {[%emt 0:00:00]} 55. Nb5 {[%emt 0:00:00]} b2 {[%emt 0:00:00]} 56. Nc3 {[%emt 0:00:00]} Nb4 {[%emt 0:00:00]} 57. Nb1 {[%emt 0:00:00]} Ned3 {[%emt 0:00:00]} 58. Kd4 {[%emt 0:00:00]} Ke6 {[%emt 0:00:00]} 59. Kc4 {[%emt 0:00:00]} Ke5 {[%emt 0:00:00]} 60. Nd2 {[%emt 0:00:00]} Kf4 {[%emt 0:00:00]} 61. Kd4 {[%emt 0:00:00]} Nf2 {[%emt 0:00:00]} 62. Kc3 {[%emt 0:00:00]} Nbd3 {[%emt 0:00:00]} 63. Kc2 {[%emt 0:00:00]} Nxe4 {[%emt 0:00:00]} 64. Nc4 {[%emt 0:00:00]} 1/2-1/2

[Event "22nd Hoogeveen Open 2018"]
[Site "Hoogeveen"]
[Date "2018.10.26"]
[Round "8"]
[White "Biermann, Florian"]
[Black "Mijnheer, Peter"]
[Result "1-0"]
[WhiteElo "2024"]
[BlackElo "2092"]
[Annotator "NA"]
[PlyCount "66"]
[EventDate "2018.10.20"]
[EventType "swiss"]
[EventCountry "NED"]
[SourceTitle "playchess.com"]
[Source "ChessBase"]
[SourceQuality "1"]
[TimeControl "40/5400+30:1800+30"]

1. c4 {[%emt 0:00:00]} e6 {[%emt 0:00:00]} 2. Nf3 {[%emt 0:00:30]} d5 {[%emt 0:00:00]} 3. g3 {[%emt 0:00:23]} Nf6 {[%emt 0:00:00]} 4. Bg2 {[%emt 0:00:09]} Be7 {[%emt 0:00:00]} 5. d4 {[%emt 0:14:08]} O-O {[%emt 0:01:15]} 6. Nbd2 {[%emt 0:03:58]} b6 {[%emt 0:03:25]} 7. O-O {[%emt 0:02:26] LiveBook: 54 Games} Bb7 $11 {[%emt 0:00:38]} 8. b3 {[%emt 0:07:15]} Nbd7 {[%emt 0:00:55]} 9. Bb2 {[%emt 0:02:05]} a5 {[%emt 0:03:17]} 10. cxd5 {[%emt 0:08:32]} exd5 {[%emt 0:01:31]} 11. Ne5 {[%emt 0:03:39]} Bd6 {[%emt 0:03:31]} 12. Ndc4 {[%emt 0:01:40]} Be7 {[%emt 0:04:31]} 13. Rc1 {[%emt 0:06:59]} Re8 {[%emt 0:13:23]} 14. Qc2 {[%emt 0:05:21]} c6 {[%emt 0:08:32]} 15. Ne3 {[%emt 0:02:23]} Nxe5 {[%emt 0:02:43]} 16. dxe5 {[%emt 0:00:38]} Nd7 {[%emt 0:00:37]} 17. Qf5 {[%emt 0:03:08]} Nc5 {[%emt 0:11:56]} 18. Qg4 {[%emt 0:04:04]} Bf8 {[%emt 0:16:17]} 19. f4 {[%emt 0:07:36]} a4 {[%emt 0:01:41]} 20. b4 {[%emt 0:02:55]} a3 {[%emt 0:01:27]} 21. Ba1 {[%emt 0:00:22]} Na4 {[%emt 0:00:49]} 22. f5 {[%emt 0:03:11]} Nb2 {[%emt 0:04:21]} 23. e6 {[%emt 0:03:31]} Qf6 {[%emt 0:06:49]} 24. b5 {[%emt 0:04:12]} fxe6 {[%emt 0:05:46]} 25. fxe6 {[%emt 0:02:49]} Qe5 {[%emt 0:03:18]} 26. Qf4 {[%emt 0:03:49]} Qxe6 {[%emt 0:02:13]} 27. bxc6 {[%emt 0:01:11]} Bxc6 {[%emt 0:00:27]} 28. Rxc6 {[%emt 0:00:34]} Qxe3+ {[%emt 0:00:06]} 29. Qxe3 {[%emt 0:00:03]} Rxe3 {[%emt 0:00:07]} 30. Bxd5+ {[%emt 0:00:08]} Kh8 {[%emt 0:00:13]} 31. Rxb6 {[%emt 0:05:11]} Rae8 {[%emt 0:00:01]} 32. Bxb2 {[%emt 0:02:17]} Bc5 {[%emt 0:04:57]} 33. Rb5 {[%emt 0:00:41]} Rc3+ {[%emt 0:00:00]} 1-0

[Event "22nd Hoogeveen Open 2018"]
[Site "Hoogeveen"]
[Date "2018.10.26"]
[Round "8"]
[White "Klaren, Duncan"]
[Black "Kevlishvili, Robby"]
[Result "0-1"]
[WhiteElo "1950"]
[BlackElo "2461"]
[Annotator "TA"]
[PlyCount "52"]
[EventDate "2018.10.20"]
[EventType "swiss"]
[EventCountry "NED"]
[SourceTitle "playchess.com"]
[Source "ChessBase"]
[SourceQuality "1"]

{[%evp 21,52,0,0,-2,0,0,0,0,14,-29,-6,-23,49,50,101,-44,18,16,25,0,0,0,6,-88,-27,-138,-146,-441,-419,-428,-112,-423,-422]} 1. e4 c5 2. Nf3 d6 3. d4 cxd4 4. Nxd4 Nf6 5. Nc3 a6 6. f4 e5 7. Nf3 {[%cal Bd4f3,Bf3h4,Bh4f5][%mdl 32]} Nbd7 8. a4 Be7 9. Bc4 O-O 10. O-O b6 11. Qe2 Bb7 {LiveBook: 11 Games. B93: Sicilian Najdorf: 6 f4} 12. Nh4 $146 ({Predecessor:} 12. Kh1 Qc7 13. fxe5 dxe5 14. Bg5 Bb4 15. Nd5 Nxd5 16. exd5 h6 17. Bxh6 gxh6 18. Nh4 Qd8 19. Nf5 {1-0 (29) Smirin,I (2647)-Molner,M (2479) Philadelphia 2012}) 12... Nc5 {[%cal Rf6e4]} 13. Nf5 Ncxe4 {The position is equal.} 14. Nxe4 Nxe4 15. Qg4 {[%csl Gf5][%cal Rg4g7]} g6 $1 {aiming for ...d5.} 16. fxe5 d5 ({Black should play} 16... dxe5 $11 17. Kh1 Bg5 18. Nh6+ Bxh6 19. Bxh6 Qd4) 17. Bd3 $1 $14 Bc5+ ({Better is} 17... Bc8 $14 18. Bxe4 Bc5+ 19. Kh1 dxe4) 18. Be3 (18. Kh1 $1 $16) 18... Bxe3+ (18... Kh8 $15 19. Nd4 Qc7) 19. Nxe3 $11 Qe7 20. Qf4 {Bxe4 is the strong threat.} f5 21. exf6 Rxf6 22. Qg4 (22. Qh6 $11) 22... Qc5 (22... h5 $1 $17 23. Qd1 Re8 24. Bxe4 Rxf1+ 25. Nxf1 Qxe4) 23. Qh3 {[#]} (23. Rae1 $11 {keeps the balance.}) 23... Re8 $1 $36 {[%mdl 2048] Strongly threatening ...Ng5. Black is on the roll.} 24. Rxf6 $4 {[%mdl 8192]} (24. Qh6 $17 {was forced.}) 24... Nxf6 $19 25. Re1 {[#]} Bc8 $2 (25... d4 $1 $19 26. Bc4+ Kg7 27. Nf5+ Qxf5 28. Rxe8 Nxe8 29. Qxf5 gxf5) 26. Qf3 $2 {[%mdl 8192]} (26. Qg3 $17 {was the crucial defense.}) 26... Ng4 $1 {Precision: White = 28%, Black = 30%.} 0-1